00696nam a2200181 i 4500001000300000245016300003260003400166300002600200490002600226504002600252700003300278830002600311040000800337041000800345080002200353008004100375856009800416bg 0aKodeks rodzinny i opiekuńczy oraz inne przepisy prawne dotyczące rodziny :bstan prawny na dzień 15 maja 1993 r. /czebrał i oprac. Kazimierz Piasecki. aBydgoszcz :b"Branta",c1993. a313, [1] s. ;c20 cm.1 aBiblioteka Kodeksów aBibliogr. s. 306-309.1 aPIASECKI, Kazimierz.eOprac. aBiblioteka Kodeksów cBPK apol a347.61/.64(094.4) s pl f |000 0 pol  uhttp://koha.tu.koszalin.pl/cgi-bin/koha/opac-detail.pl?biblionumber=29859yKatalog online BPK